|
|
แสดงรายละเอียดบรรณานุกรม |
|
|
Brief Record
: Get Marc (ISO 2709)
: E-mail record
: |
|
|
|
| LEADER 00000nam 2200000uu 4500 | |||
| 008 140411s||||||||th 000 0 tha d | |||
| 020 ^a9786167388502 | |||
| 040 ^abcnkk | |||
| 041 0 ^atha | |||
| 060 04 ^aWD610^bH437 2556 | |||
| 245 00 ^aHeat stroke /^c[บรรณาธิการ] ภานุวิชญ์ พุ่มหิรัญ และวิชัย ประยูรวิวัฒน์ | |||
| 250 ^aพิมพ์ครั้งที่ 2 | |||
| 260 ^aกรุงเทพฯ :^bโครงการตำรา วิทยาลัยแพทยศาสตร์พระมงกุฎเกล้า,^c2556 | |||
| 300 ^a153 หน้า :^bภาพประกอบ ;^c26 ซม. | |||
| 650 2 ^aHeat Stroke | |||
| 653 ^aโรคลมร้อน | |||
| 700 0 ^aภานุวิชญ์ พุ่มหิรัญ,^eบรรณาธิการ | |||
| 700 0 ^aวิชัย ประยูรวิวัฒน์,^eบรรณาธิการ | |||
| 710 2 ^aวิทยาลัยแพทยศาสตร์พระมงกุฎเกล้า. ^bโครงการตำรา | |||
| 999 ^aใช้งานได้ทุกระบบ | |||
| คุณยังไม่ได้ล็อกอิน คุณสามารถมีกิจกรรมร่วมกับเว็บไซต์ได้ แต่ต้องล็อกอินก่อน :: |
|
| สถานะ | |||||||||
| 1. | หนังสือสำรอง | WD610 H437 2556 | On Shelf ขอยืม | ||||||
| Note:ปีงบประมาณ2557 | |||||||||
| 2. | หนังสือทั่วไป | WD610 H437 2556 ฉ.2 | On Shelf ขอยืม | ||||||
| Note:ปีงบประมาณ2557 | |||||||||
| 3. | หนังสือทั่วไป | WD610 H437 2556 ฉ.3 | On Shelf ขอยืม | ||||||
| Note:ปีงบประมาณ2557 | |||||||||
| 4. | หนังสือทั่วไป | WD610 H437 2556 ฉ.4 | On Shelf ขอยืม | ||||||
| Note:ปีงบประมาณ2557 | |||||||||
| 5. | หนังสือทั่วไป | WD610 H437 2556 ฉ.5 | On Shelf ขอยืม | ||||||
| Note:ปีงบประมาณ2557 | |||||||||
| [แสดง 5/5 รายการ] | |||||||||
BibComment |
| คอมเมนท์ทรัพยากรรายการนี้ |
|
|